00353 a2200133 4500020001800000050002000018100003100038245006600069250001200135264002700147300001100174500001700185650001700202 a9780840031150 aKF9219 BAC 2009 aBacigal, Ronald J.eauthor aCriminal law and procedure:bAn overview /cRonald J. Bacigal a3rd ed. aNew YorkbDelmarc2009 a366p.: acriminal law aCriminal law